SoS Transport v Christos and another (Record no. 73229)

MARC details
000 -LEADER
fixed length control field 02126cam a2200205 4500
001 - CONTROL NUMBER
control field ABS66977
008 - FIXED-LENGTH DATA ELEMENTS--GENERAL INFORMATION
fixed length control field 030815n2003 000 0 eng u
035 ## - SYSTEM CONTROL NUMBER
System control number (Sirsi) u123283
245 ## - TITLE STATEMENT
Title SoS Transport v Christos and another
260 ## - PUBLICATION, DISTRIBUTION, ETC.
Date of publication, distribution, etc. 2003
490 ## - SERIES STATEMENT
Series statement Rating and Valuation Reporter
Volume/sequential designation [2003] RVR 307-312(5)(CS)
520 ## - SUMMARY, ETC.
Summary, etc. [2003] EWCA Civ 1073, 25 July 2003. Appeal and cross-appeal over LT ruling (ACQ/69/2001, LT123284) on the compensation of a property compulsorily purchased under the Channel Tunnel Rail Link Act 1996. In a letter headed subject to contract the acquiring authority offered to purchase the property for £500 000. Negotiations to purchase the property collapsed. C vacated the property which later developed water damage. In May 2001, C applied to the LT to determine the amount of compensation payable for the acquisition of their property. 17 May 1999 was agreed as valuation date. LT maintained that there was no binding agreement between the parties for a payment of £500 000 but used this figure as a basis for valuation and then deducted £15 000 in respect of a defect in C's title to part of its land. A's argument that deduction should be made for water damage was rejected. A appealed and C cross appealed against finding that no binding contract had been made. CA held that LT had firstly, correctly ruled that there was no binding contract between the parties and secondly that the LT was correct in valuing the property in its physical condition at the agreed date of valuation and that any deterioration in the state of the property after this date had no effect upon the compensation payable to C. Appeal allowed in part, cross-appeal dismissed. View judgment at www.bailii.org.
590 ## - LOCAL NOTE (RLIN)
Local note ABS
650 ## - SUBJECT ADDED ENTRY--TOPICAL TERM
Topical term or geographic name entry element CHRISTOS AND ANOTHER V SOS TRANSPORT
650 ## - SUBJECT ADDED ENTRY--TOPICAL TERM
Topical term or geographic name entry element BINDING CONTRACTS
650 ## - SUBJECT ADDED ENTRY--TOPICAL TERM
Topical term or geographic name entry element SUBJECT TO CONTRACT
690 ## - LOCAL SUBJECT ADDED ENTRY--TOPICAL TERM (OCLC, RLIN)
Topical term or geographic name as entry element ENVIRONMENTAL AND LAND CONSULTANCY-PLANNING AND DEVELOPMENT-COMPULSORY PURCHASE AND COMPENSATION
856 ## - ELECTRONIC LOCATION AND ACCESS
Uniform Resource Identifier <a href="https://www.bailii.org/cgi-bin/markup.cgi?doc=/ew/cases/EWCA/Civ/2003/1073.html">https://www.bailii.org/cgi-bin/markup.cgi?doc=/ew/cases/EWCA/Civ/2003/1073.html</a>
Public note View judgment at Bailii website...
942 ## - ADDED ENTRY ELEMENTS (KOHA)
Suppress in OPAC 0
Holdings
Withdrawn status Lost status Source of classification or shelving scheme Damaged status Not for loan Home library Current library Shelving location Date acquired Total Checkouts Full call number Barcode Date last seen Copy number Price effective from Koha item type
    Dewey Decimal Classification     London London Journal article 15/08/2003   ABS66977 123283-1001 06/08/2019 1 06/08/2019 Law report